The application of polyhedral dynamics to the examination of team structure in field hockey /

Bibliographic Details
Main Author: Greenawalt, Nancy Jo
Format: Thesis Microform Book
Language:English
Published: [Place of publication not identified] : [publisher not identified] ; 1981.
Subjects:

MARC

Tag First Indicator Second Indicator Subfields
LEADER 00000cam a2200000 a 4500
001 in00000025727
005 20151007054442.0
007 he bmb|||||||
008 840507r19841981orua bb 00010 eng d
035 |a (OCoLC)10699286 
035 |9 AAB5108AM 
040 |a IWU  |c IWU  |d CLU  |d HPE  |d OCL  |d TXA  |d UtOrBLW 
049 |a TXAI 
099 |a fiche  |a C  |a 6739 
100 1 |a Greenawalt, Nancy Jo. 
245 1 4 |a The application of polyhedral dynamics to the examination of team structure in field hockey /  |c by Nancy Jo Greenawalt. 
264 1 |a [Place of publication not identified] :  |b [publisher not identified] ;  |c 1981. 
300 |a x, 104 leaves :  |b illustrations 
336 |a text  |b txt  |2 rdacontent 
337 |a microform  |b h  |2 rdamedia 
338 |a microfiche  |b he  |2 rdacarrier 
502 |b M.S.  |c Pennsylvania State University  |d 1981. 
504 |a Bibliography: leaves 79-84. 
533 |a Microfiche.  |b Eugene :  |c Microform Publications, College of Human Development and Performance, University of Oregon,  |d 1984.  |e 2 microfiches : negative ; 11 x 15 cm. 
500 |a Microform. 
650 0 |a Field hockey  |x Psychological aspects. 
650 0 |a Polyhedral functions. 
999 |a MARS 
999 f f |s 9c8fa04d-3b86-398d-80c2-e23655522062  |i 0e6894a1-b88a-362a-ab97-8843cb5ac451  |t 0 
952 f f |p normal  |a Texas A&M University  |b College Station  |c Sterling C. Evans Library  |d Evans: Microforms (3rd floor)  |t 0  |e fiche C 6739  |h Other scheme  |i microform -- microfiche  |m A14823000563 
998 f f |a fiche C 6739  |t 0  |l Evans: Microforms (3rd floor)